| 000 | 007790000a22002410004500 | ||
|---|---|---|---|
| 041 | 0 | _aEspañol | |
| 090 |
_aMM _b00029 |
||
| 245 | 1 | 0 |
_aSafari castillo _suna antigua y exclusiva reserva de cacería, es hoy, el refugio de innumerables criaturas |
| 300 |
_a25 min. _bVHS |
||
| 440 | 0 |
_aCuentos de la vida salvaje _9100820 |
|
| 650 | 1 | 4 |
_aAreas protegidas _978 |
| 650 | 1 | 4 |
_aReservas de fauna _9100821 |
| 650 | 1 | 4 |
_aManejo de áreas protegidas _993573 |
| 650 | 1 | 4 |
_aTurismo de la naturaleza _919478 |
| 651 | 4 |
_lBosque de Chambord _pFrancia _992749 |
|
| 690 |
_aEcoturismo _992485 |
||
| 041 | 0 | _aEspañol | |
| 710 | 1 |
_aKane Productions International Inc. _979451 |
|
| 110 | 1 |
_aABC _979446 |
|
| 260 |
_as.l. _bCapital Cites _c1993 |
||
| 260 | _bABC Video Inc. | ||
| 942 | _cCD-ROM | ||
| 999 |
_c16432 _d16432 |
||